Detalles MARC
| 000 -CABECERA |
| campo de control de longitud fija |
02224nam a2200313 i 4500 |
| 003 - IDENTIFICADOR DEL NÚMERO DE CONTROL |
| campo de control |
DO-SdBNP |
| 005 - FECHA Y HORA DE LA ÚLTIMA TRANSACCIÓN |
| campo de control |
20251014162908.0 |
| 007 - CAMPO FIJO DE DESCRIPCIÓN FÍSICA--INFORMACIÓN GENERAL |
| campo de control de longitud fija |
ta |
| 008 - DATOS DE LONGITUD FIJA--INFORMACIÓN GENERAL |
| campo de control de longitud fija |
250403b2024 dr ||||| |||| 00| 0 spa d |
| 020 ## - NÚMERO INTERNACIONAL ESTÁNDAR DEL LIBRO |
| Número Internacional Estándar del Libro |
9789945654561 |
| 040 ## - FUENTE DE LA CATALOGACIÓN |
| Centro catalogador/agencia de origen |
DO-SdBNP |
| Lengua de catalogación |
spa |
| Centro/agencia transcriptor |
BNPHU |
| Normas de descripción |
rda |
| 041 ## - CÓDIGO DE LENGUA |
| Código de lengua del texto/banda sonora o título independiente |
spa |
| 082 #4 - NÚMERO DE LA CLASIFICACIÓN DECIMAL DEWEY |
| Número de clasificación |
863.44 |
| Número de documento/Ítem |
A162b |
| Número de edición |
22 |
| 100 ## - ENTRADA PRINCIPAL--NOMBRE DE PERSONA |
| Nombre de persona |
Abréu Fernández, César Arturo, |
| Fechas asociadas al nombre |
1940- |
| Término indicativo de función/relación |
autor |
| Código de función/relación |
aut. |
| 9 (RLIN) |
61607 |
| 245 10 - MENCIÓN DE TÍTULO |
| Título |
Barbarie y resistencia en el paraíso / |
| Mención de responsabilidad, etc. |
César Arturo Abréu Fernández. |
| 250 ## - MENCIÓN DE EDICIÓN |
| Mención de edición |
Primera edición |
| 264 #1 - PRODUCCIÓN, PUBLICACIÓN, DISTRIBUCIÓN, FABRICACIÓN Y COPYRIGHT |
| Producción, publicación, distribución, fabricación y copyright |
Santo Domingo, República Dominicana : |
| Nombre del de productor, editor, distribuidor, fabricante |
Editora Santuario, |
| Fecha de producción, publicación, distribución, fabricación o copyright |
2024. |
| 300 ## - DESCRIPCIÓN FÍSICA |
| Extensión |
223 páginas ; |
| Dimensiones |
23 cm. |
| 336 ## - TIPO DE CONTENIDO |
| Término de tipo de contenido |
texto |
| Código de tipo de contenido |
txt |
| Fuente |
rdacontent |
| 337 ## - TIPO DE MEDIO |
| Nombre/término del tipo de medio |
sin mediación |
| Código del tipo de medio |
n |
| Fuente |
rdamedia |
| 338 ## - TIPO DE SOPORTE |
| Nombre/término del tipo de soporte |
volumen |
| Código del tipo de soporte |
nc |
| Fuente |
rdacarrier |
| 500 ## - NOTA GENERAL |
| Nota general |
Incluye datos biográficos del autor en las solapas |
| 505 ## - NOTA DE CONTENIDO CON FORMATO |
| Nota de contenido con formato |
1. Cacicazgo de Marién - Finales de 1492- La profecía, 11.-- 2. La navidad, 14.-- 3. El viaje, 18.-- 4. El golfo de las flechas, 24.-- 5. Hacia España, 29.-- 6. Palos de Moguer, 34.-- 7. El bautismo, 38.-- 8. Barcelona, 45.-- 9. La despedida, 49.-- 10. El retorno, 53.-- 11. Primera misa, 59.-- 12. El fuerte de la Concepción de La Vega, 63.-- 13. El Santo Cerro, 70.-- 14. Batalla de La Vega Real, 77.-- 15. Revelación, 83.-- 16. Valladolid-España, 88.-- 17. Fray Ramón Pané, 93.-- 18. La Vega-Bartolomé Colón- Las leyendas, 98.-- 19. ¿Esclavos?, 103.-- 20. El encuentro, 108.-- 21. Compromiso y atrocidades, 113.-- 22. Francisco Bobadilla-El castillo Alba de Tormes, 119.-- 23. Mientras… en La Española, 124.-- 24. La propuesta, 128.-- 25. Navidad en Alba de Tormes, 134.-- 26. Espera, desespera e indecisión, 139.-- 27. Matrimonio, 144.-- 28. La Nueva Isabela, 151.-- 29. Desilusión, 156.-- 30. Juicio a Colón, 162.-- 31. Haina, 168.-- 32. El buhiti, 174.-- 33. Guarionex, 179.-- 34. Esperanzas, 185.-- 35. El vaticinio, 190.-- 36. Temeraria propuesta, 195.-- 37. Tradiciones, 200.-- 38. Cotubanamá, 205.-- 39. Jaragua, 210.-- 40. El futuro, 215.-- 41. Epílogo, 222. |
| 590 ## - NOTA LOCAL (RLIN) |
| Nota local |
Inventariado, 2025/BT |
| 650 #4 - PUNTO DE ACCESO ADICIONAL DE MATERIA--TÉRMINO DE MATERIA |
| Término de materia o nombre geográfico como elemento de entrada |
Cuentos dominicanos |
| 9 (RLIN) |
176 |
| 650 #0 - PUNTO DE ACCESO ADICIONAL DE MATERIA--TÉRMINO DE MATERIA |
| Término de materia o nombre geográfico como elemento de entrada |
Literatura dominicana. |
| 9 (RLIN) |
67 |
| 910 ## - DATOS DE OPCIÓN DEL USUARIO (OCLC) |
| Datos de opción del usuario |
Btavárez. Validado control de calidad/ MAA |
| 942 ## - ELEMENTOS DE PUNTO DE ACCESO ADICIONAL (KOHA) |
| Fuente del sistema de clasificación o colocación |
Dewey Decimal Classification |
| Tipo de ítem Koha |
Libro |